| 000 | 02578nam0a2200469 4500 | ||
|---|---|---|---|
| 001 | RU\NLR\BIBL_A\012234373 | ||
| 005 | 20240921201620.0 | ||
| 010 |
_a9785907238473 _9500 |
||
| 021 |
_aRU _b2020-1540 _9КН-П-107 |
||
| 035 | _a(RuMoRGB)010230474 | ||
| 035 | _a(NLR Aleph) 012234373 | ||
| 090 |
_a11002025 _c11002025 |
||
| 100 | _a20200302d2019 k y0rusy50 ca | ||
| 101 | 0 | _arus | |
| 102 | _aRU | ||
| 105 | _aa zzzz00000zy | ||
| 181 | 0 |
_ai _baxxe |
|
| 182 | 0 | _an | |
| 200 | 1 |
_aИнтенсификация процесса получения сложных удобрений из местного сырья _eмонография _f[Р. Назирова, С. Таджиев, С. Мирсалимова, Ш. Хамдамова] _gМинистерство высшего и среднего образования Республики Узбекистан, Ферганский политехнический институт, Химико-технологический факультет, Кафедра Технология хранения и переработки сельскохозяйственной продукции |
|
| 203 |
_aТекст _bвизуальный _cнепосредственный |
||
| 210 |
_aУфа _cOmega science _d2019 |
||
| 215 |
_a126 с. _cил., табл. _d20 |
||
| 300 | _aАвт. указаны на обороте тит.л. | ||
| 320 | _aБиблиогр.: с. 107-122 (137 назв.) | ||
| 606 | 1 |
_aФосфориты _xПереработка на удобрения _xКислотный метод _91886604 _3RU\NLR\AUTH\661148044 |
|
| 606 | 1 |
_aМинеральные удобрения сложные _xПроизводство _91638788 _3RU\NLR\AUTH\66724538 |
|
| 610 | 0 | _aфосфорно-калийные удобрения | |
| 610 | 0 | _aазотно-фосфорно-калийные удобрения | |
| 610 | 0 | _aPK-удобрения | |
| 610 | 0 | _aNPK-удобрения | |
| 686 | 1 | _aЛ322.3 | |
| 686 | 1 | _aЛ326 | |
| 701 | 1 |
_aНазирова _bР. |
|
| 701 | 1 |
_aТаджиев _bС.М. _gСайфитдин Мухитдинович |
|
| 701 | 1 |
_aМирсалимова _bС. |
|
| 701 | 1 |
_aХамдамова _bШ. |
|
| 712 | 0 | 2 |
_4570 _aФерганский политехнический институт _bКафедра технологии хранения и переработки сельскохозяйственной продукции _9700666 _3RU\NLR\AUTH\880519938 |
| 942 | _cBOOK | ||
| 980 | _aNBR | ||